[Event "Dortmund Sparkassen op-B 47th"]
[Site "Dortmund"]
[Date "2019.07.20"]
[Round "8"]
[White "Meinike, Thorsten"]
[Black "Maurer, Rainer1111"]
[Result "1-0"]
[WhiteElo "1706"]
[BlackElo "1827"]
[PlyCount "51"]
[EventDate "2019.07.13"]
[EventType "swiss"]
[EventRounds "9"]
[EventCountry "GER"]
[SourceTitle "CBM 192 Extra"]
[Source "Chessbase"]
[SourceDate "2019.11.06"]
[SourceVersion "1"]
[SourceVersionDate "2019.11.06"]
[SourceQuality "1"]

1. d4 d5 2. c4 e6 3. Nc3 Nf6 4. Bg5 Nbd7 5. Nf3 Be7 6. e3 0-0 7. Rc1 c6 8. cxd5 exd5 9. Bd3 Re8 10. 0-0 h6 11. Bh4 Ne4 12. Bxe7 Qxe7 13. Qc2 Ndf6 14. Ne5 Nxc3 15. bxc3 Bd7 16. f3 c5 17. Qb2 Rab8 18. e4 Rec8 19. Nxd7 Nxd7 20. e5 Nf8 21. f4 Rc7 22. f5 Qg5 23. Rce1 cxd4 24. cxd4 Rbc8 25. Qf2 Rc1 26. h4 1-0

[Event "Ruhrgebiet Verbandsklasse Gruppe 2 1718"]
[Site "Germany"]
[Date "2017.10.08"]
[Round "2.7"]
[White "Schroeder, Marcel"]
[Black "Meinike, Thorsten"]
[Result "0-1"]
[WhiteElo "1522"]
[BlackElo "1721"]
[PlyCount "122"]
[EventDate "2017.09.17"]
[EventType "team-tourn"]
[EventRounds "9"]
[EventCountry "GER"]
[SourceTitle "EXT 2022"]
[Source "ChessBase"]
[SourceDate "2021.10.06"]
[SourceVersion "1"]
[SourceVersionDate "2021.10.06"]
[SourceQuality "1"]
[WhiteTeam "Steele/Kray Rochade"]
[BlackTeam "Dortmund Matt Inn"]
[WhiteTeamCountry "GER"]
[BlackTeamCountry "GER"]

1. c4 e6 2. Nc3 d5 3. cxd5 exd5 4. d4 Nf6 5. Nf3 Be7 6. g3 0-0 7. Bg2 c6 8. 0-0 Bf5 9. Bf4 Nbd7 10. Nh4 Be6 11. Nf3 h6 12. h4 Re8 13. Re1 Bf5 14. a3 Ne4 15. Rc1 Bf6 16. Be3 Nxg3 17. Bxh6 Nxe2+ 18. Rxe2 gxh6 19. Rxe8+ Qxe8 20. Qd2 Kh7 21. Qf4 Be6 22. Re1 Qg8 23. Kh1 Qg4 24. Qg3 Qxg3 25. fxg3 Rg8 26. Kh2 Bd8 27. Re3 Bc7 28. Ne2 Nf6 29. Bh3 Ne4 30. Ne1 Bg4 31. Bxg4 Rxg4 32. Ng2 Bd6 33. Rf3 Kg7 34. Kh3 Rg6 35. Ngf4 Bxf4 36. Nxf4 Rd6 37. Nh5+ Kf8 38. g4 b6 39. b4 c5 40. bxc5 bxc5 41. dxc5 Nxc5 42. Nf4 d4 43. Nd3 Nxd3 44. Rxd3 Ke7 45. Kg3 Ke6 46. Kf4 Kd5 47. g5 hxg5+ 48. hxg5 Kc4 49. Rd1 d3 50. Ke3 Re6+ 51. Kd2 Re2+ 52. Kc1 Kc3 53. Rf1 Rg2 54. Kb1 Rxg5 55. Rxf7 Rg1+ 56. Ka2 d2 57. Rc7+ Kd3 58. Rd7+ Ke3 59. Re7+ Kf4 60. Rf7+ Ke5 61. Re7+ Kd6 0-1